Správa o činnosti Slovenskej akadémie vied

Bibliographic Details
Format: Serial
Language:Slovak
PhysicalDescription:zv. 30 cm
Published: Bratislava Slovenská akadémia vied [19--?]-
Subjects:

MARC

LEADER 00000cas a2200000 a 4500
001 vtls009298084
003 SK-MaSNL
005 20260228162333.0
008 080528c19uu9999xo ar| 0 0slo
040 |a SNK  |b slo  |c SNK  |e AACR2 
041 0 |a slo 
044 |a xo  |c SK 
080 |a (047.1)  |2 2011 
080 |a 050  |2 2011 
245 0 0 |a Správa o činnosti Slovenskej akadémie vied 
246 3 3 |a Správa o činnosti SAV 
246 3 3 |a Výročná správa o činnosti Slovenskej akadémie vied za rok ... 
260 |a Bratislava  |b Slovenská akadémia vied  |c [19--?]- 
300 |a zv.  |b 30 cm 
310 |a 1 x ročne 
362 |a [19--?]- 
500 |a Popis podľa: R. 1973 
500 |a Má aj angl. verziu 
655 7 |a výročné správy  |2 SNKPH  |9 70580 
775 0 |a Annual Report of the Slovak Acadeny of Sciences for... 
910 |a snk 
999 |c 7616  |d 9546 
952 |0 0  |1 0  |4 0  |7 0  |8 3  |a SNK  |b SNK  |d 2001-09-13  |g 1.00  |i snkK 1317/2001  |l 0  |o snkČSB 2625/1995  |p 17A0312262  |r 2005-01-02 00:00:00  |w 2026-02-21  |y PREZ 
952 |0 0  |1 0  |4 0  |7 0  |8 3  |a SNK  |b SNK  |d 2008-05-28  |i snkK 2460/77  |l 0  |o snkČSB 2625/1973  |p 17A0588620  |r 2026-02-21 20:21:53  |w 2026-02-21  |y PREZ 
952 |0 0  |1 0  |4 0  |7 0  |8 5  |a SNK  |b SNK  |d 2008-05-28  |i snkF 905/88  |l 0  |o snkČSB 2625/1974  |p 17A0588378  |r 2026-02-21 21:12:28  |w 2026-02-21  |y PREZ 
952 |0 0  |1 0  |4 0  |7 0  |8 1  |a SNK  |b SNK  |d 2008-05-26  |i snk2008/11187  |l 0  |o snkČSB 2625/1996  |p 17A0569142  |r 2026-02-21 21:12:32  |w 2026-02-21  |y PREZ 
952 |0 0  |1 0  |4 0  |7 1  |8 1  |a SNK  |b SNK  |d 2015-06-18  |i snk2015/19035  |l 0  |o snkČSB 2625/1974  |p 17A1096132  |r 2026-02-21 21:46:05  |w 2026-02-21  |y NEVYP